Direcctión y gestión de empresas del sector turístico
Enregistré dans:
| Auteur principal: | |
|---|---|
| Format: | Livre |
| Langue: | espagnol |
| Publié: |
Madrid
Ediciones Pirámide
2000
|
| Collection: | Economía y empresa
|
| Sujets: | |
| Tags: |
Pas de tags, Soyez le premier à ajouter un tag!
|
MARC
| LEADER | 00000nam a2200000 4500 | ||
|---|---|---|---|
| 001 | c131714 | ||
| 005 | 20221221082037.6 | ||
| 020 | |a 84-368-1492-4 | ||
| 041 | 0 | |a spa | |
| 044 | |a ES | ||
| 245 | 1 | 0 | |a Direcctión y gestión de empresas del sector turístico |c Inmaculada Martín Rojo |
| 264 | 1 | |a Madrid |b Ediciones Pirámide |c 2000 | |
| 300 | |a 478 s. | ||
| 490 | 1 | |a Economía y empresa | |
| 830 | 0 | |a Economía y empresa | |
| 610 | 2 | 0 | |a ruch cestovný |
| 610 | 2 | 0 | |a riadenie podnikové |
| 610 | 2 | 0 | |a turistika |
| 610 | 2 | 0 | |a podnik |
| 610 | 2 | 0 | |a podnikanie |
| 100 | 1 | |a Martín Rojo, Inmaculada | |